Manual de procedimiento tributario y aduanero
Furkejuvvon:
| Váldodahkki: | |
|---|---|
| Materiálatiipa: | Girji |
| Giella: | espánnjágiella |
| Almmustuhtton: |
Santiago
Jurídica de Chile
2010
|
| Preanttus: | 1a. ed |
| Fáttát: | |
| Fáddágilkorat: |
Lasit fáddágilkoriid
Eai fáddágilkorat, Lasit vuosttaš fáddágilkora!
|
MARC
| LEADER | 00000nam a2200000 a 4500 | ||
|---|---|---|---|
| 001 | UCG2066 | ||
| 003 | CL-VaPUC | ||
| 008 | 100610e20100400CL |||||||||||||||||spa|d | ||
| 020 | |a 9789561020207 | ||
| 082 | 0 | 4 | |a 343.8304 |b SIL |2 21 |
| 100 | 0 | |a Silva Montes, Rodrigo |e author |9 550317 | |
| 245 | 1 | 0 | |a Manual de procedimiento tributario y aduanero |
| 250 | |a 1a. ed | ||
| 300 | |a 358 p | ||
| 942 | |c BK | ||
| 945 | |d 20100610 00:00:00 |a dcastane | ||
| 260 | |a Santiago |b Jurídica de Chile |c 2010 | ||
| 650 | 0 | |a Derecho tributario |9 258895 | |
| 650 | 7 | |a TRIBUNALES TRIBUTARIOS |2 CL-VaPUC |9 550318 | |
| 650 | 0 | |a Tribunales aduaneros |9 398135 | |
| 650 | 0 | |a Procedimiento tributario |9 550319 | |
| 650 | 7 | |a PROCEDIMIENTO ADUANERO |2 CL-VaPUC |9 550320 | |
| 583 | |a last modification |c 20100610 00:00:00 |k Rodrigo Vera | ||
| 999 | |c 341306 |d 341304 | ||
| 952 | |0 0 |1 0 |4 0 |6 343_830400000000000_SIL_2010 |7 0 |8 A |9 436687 |a BIBDER |b BIBDER |d 2019-11-22 |i 4690508 |l 3 |o 343.8304 SIL 2010 |p 4690508 |r 2023-01-25 |s 2020-11-19 |w 2019-11-22 |y BK |k DER | ||